Normal view
MARC view
Entry Personal Name
001 - CONTROL NUMBER
- control field: 4408
003 - CONTROL NUMBER IDENTIFIER
- control field: OSt
005 - DATE AND TIME OF LATEST TRANSACTION
- control field: 20150802154341.0
008 - FIXED-LENGTH DATA ELEMENTS
- fixed length control field: 150802|| aca||aabn | a|a d
040 ## - CATALOGING SOURCE
- Original cataloging agency: OSt
- Transcribing agency: OSt
100 ## - HEADING--PERSONAL NAME
- Personal name: Kumar, Birendra
670 ## - SOURCE DATA FOUND
- Source citation: Work cat.: (OSt)15878: Kumar, Birendra, Extension Education For Human Resources Development, 2000









